000 00566nam a2200181 i 4500
001 21646
003 ES-MaACL
005 20230908063129.0
007 t|
008 021126s1920 sp ||||1| spa d
100 1 _aAlcázar Molina, Cayetano,
_d1897-1958
_919539
245 1 3 _aEl espíritu corporativo de la posta española /
_cCayetano Alcázar Molina.
260 _aMadrid :
_b[s.n.],
_c1920 (
_fAngel Alcoy)
300 _a118 p. ;
_c13 cm.
650 4 _aCorreos-
_zEspaña-
_vHistoria.
_9164435
852 _aES-MaACL
_jF-10057
999 _c21646
_d21646